| 000 -LEADER |
| fixed length control field |
00510cam a22001457a 4500 |
| 008 - FIXED-LENGTH DATA ELEMENTS--GENERAL INFORMATION |
| fixed length control field |
180718b1991 xxu||||| |||| 00| 0 eng d |
| 082 ## - DEWEY DECIMAL CLASSIFICATION NUMBER |
| Classification number |
T42x54 N213n |
| 100 ## - MAIN ENTRY--PERSONAL NAME |
| Personal name |
National Seminar on revitalisation of Indian banking system under the threat or privatisation |
| 245 ## - TITLE STATEMENT |
| Title |
Proceedings |
| Statement of responsibility, etc. |
by S.D. Dhopeshwarkar |
| 260 ## - PUBLICATION, DISTRIBUTION, ETC. |
| Place of publication, distribution, etc. |
Bombay |
| Name of publisher, distributor, etc. |
Maharashtra State Bank Employees Federation |
| Date of publication, distribution, etc. |
1991 |
| 300 ## - PHYSICAL DESCRIPTION |
| Extent |
70p. |
| 650 ## - SUBJECT ADDED ENTRY--TOPICAL TERM |
| Topical term or geographic name entry element |
Privatization - India |
| 650 ## - SUBJECT ADDED ENTRY--TOPICAL TERM |
| Topical term or geographic name entry element |
Banks and banking - India |
| 700 ## - ADDED ENTRY--PERSONAL NAME |
| Personal name |
Dhopeshwarkar, S.D. |